000 00512nam a2200193Ia 4500
005 20250508164017.0
008 008 250505s9999 xx 000 0 eng d
037 _aTextual
040 _aFEDL
_beng
_cFEDL
041 _aeng
_2eng
084 _a891.443, MAH
_qFEDL
100 _aMahasweta Devi
245 0 _aOutcast: Four stories
260 _aCalcutta, India
_bSeagul Books
_c2002
300 _a114p.
365 _aINR
_b290
942 _cTEXL
_h891.443, MAH
999 _c1386564
_d1386564